| 000 | 00473nam a2200193Ia 4500 | ||
|---|---|---|---|
| 003 | OSt | ||
| 005 | 20250627142735.0 | ||
| 008 | 230711s9999||||xx |||||||||||||| ||und|| | ||
| 040 | _cMRSPTU | ||
| 041 | _aENG | ||
| 082 |
_a352.63 _bDU-P |
||
| 100 | _aDudeja,Rahish Pahwa | ||
| 245 | 0 | _aPunishment and Appeal Rules ( In Civil Services) | |
| 250 | _a6th Ed. | ||
| 260 |
_c2015 _aChandigarh _bSingla Law Agency |
||
| 300 | _a491p. | ||
| 650 | _aLiterature | ||
| 942 |
_cBK _2ddc |
||
| 999 |
_c6842 _d6842 |
||